[Event "ROM-ch (Women)"]
[Site "Eforie Nord"]
[Date "2024.03.01"]
[Round "8"]
[White "Trifoi, Mihaela Ioana"]
[Black "Maria, Lia Alexandra"]
[Result "1-0"]
[WhiteElo "2003"]
[BlackElo "1937"]
[PlyCount "107"]
[EventDate "2024.02.24"]
[EventType "swiss"]
[EventRounds "9"]
[EventCountry "ROU"]
[SourceTitle "CB10_2024"]
[SourceDate "2024.03.06"]
[SourceVersion "1"]
[SourceVersionDate "2024.03.06"]
[SourceQuality "1"]

1. e4 e6 2. d4 d5 3. e5 c5 4. c3 Nc6 5. Nf3 Bd7 6. Be2 f6 7. 0-0 fxe5 8. dxe5 Qc7 9. Bf4 0-0-0 10. Na3 a6 11. Nc2 Nh6 12. Re1 Nf7 13. Bf1 Be7 14. Ne3 Be8 15. a3 g5 16. Bg3 h5 17. h3 Nh6 18. b4 Nf5 19. Bh2 g4 20. hxg4 Nxe3 21. Rxe3 hxg4 22. Nd2 Bg5 23. Qxg4 Bxe3 24. fxe3 Qe7 25. Bf4 Bh5 26. Qg5 Qh7 27. Qh4 Qc2 28. Qe1 Qf5 29. bxc5 Nxe5 30. Qb1 Nc6 31. Qb6 e5 32. Rb1 Qd7 33. Bxa6 Rh7 34. Bh2 Rg8 35. Bxe5 Be8 36. Bf4 Qg7 37. g3 Rgh8 38. Nf1 Rh1+ 39. Kf2 R8h7 40. Bd3 Bg6 41. Qb5 Ne5 42. Bf5+ Kb8 43. Bxg6 Qxg6 44. Bxe5+ Kc8 45. Rb2 Qe6 46. Bf4 Qe4 47. g4 R1h3 48. Ng3 Rh2+ 49. Kg1 Rxb2 50. Qxb2 Qd3 51. g5 Qd1+ 52. Kg2 Qg4 53. c6 Rf7 54. Qb6 1-0

[Event "Wch U18 Girls"]
[Site "Montesilvano"]
[Date "2023.11.24"]
[Round "11"]
[White "Trifoi, Mihaela Ioana"]
[Black "Groeschel, Karoline"]
[Result "1-0"]
[WhiteElo "2021"]
[BlackElo "1924"]
[PlyCount "81"]
[EventDate "2023.11.13"]
[EventType "swiss"]
[EventRounds "11"]
[EventCountry "ITA"]
[SourceTitle "CB48_2023"]
[SourceDate "2023.11.29"]
[SourceVersion "1"]
[SourceVersionDate "2023.11.29"]
[SourceQuality "1"]

1. e4 c5 2. Nf3 e6 3. c3 d5 4. e5 d4 5. Bd3 Bd7 6. Be4 Bc6 7. Qe2 Ne7 8. 0-0 Ng6 9. d3 Be7 10. a4 0-0 11. Na3 Qd7 12. Nc4 Bxa4 13. Rxa4 Qxa4 14. Bxb7 Nc6 15. Qe4 Rac8 16. Bxc8 Rxc8 17. cxd4 cxd4 18. Nxd4 Ngxe5 19. b3 Qb4 20. Ba3 Qc3 21. Nxe5 f5 22. Qe3 Bxa3 23. Nexc6 Re8 24. Nxa7 Qa5 25. Nac6 Qb6 26. Qe5 Bb2 27. b4 Bxd4 28. Nxd4 Qxb4 29. Nxf5 Qg4 30. Re1 Qg6 31. d4 Qf6 32. Qxf6 gxf6 33. g3 h5 34. d5 e5 35. Rc1 Kh7 36. Rc7+ Kg6 37. Ne7+ Kf7 38. Nc6+ Kg6 39. d6 Re6 40. d7 Rxc6 41. Rxc6 1-0

[Event "Wch U18 Girls"]
[Site "Montesilvano"]
[Date "2023.11.18"]
[Round "6"]
[White "Oviedo Acosta, Paula"]
[Black "Trifoi, Mihaela Ioana"]
[Result "0-1"]
[WhiteElo "1639"]
[BlackElo "2021"]
[PlyCount "130"]
[EventDate "2023.11.13"]
[EventType "swiss"]
[EventRounds "11"]
[EventCountry "ITA"]
[SourceTitle "CB48_2023"]
[SourceDate "2023.11.29"]
[SourceVersion "1"]
[SourceVersionDate "2023.11.29"]
[SourceQuality "1"]

1. e4 c6 2. d4 d5 3. exd5 cxd5 4. Bd3 Nf6 5. h3 Nc6 6. c3 g6 7. Nf3 Bg7 8. 0-0 0-0 9. Re1 Bf5 10. Bf4 Bxd3 11. Qxd3 e6 12. Nbd2 a6 13. a4 Rc8 14. Ne5 Ne8 15. Re3 Nd6 16. Nxc6 Rxc6 17. a5 b5 18. axb6 Qxb6 19. Ra2 Nc4 20. Nxc4 Rxc4 21. h4 h5 22. Qe2 Ra8 23. g4 hxg4 24. Kg2 Rc6 25. Kg3 f5 26. f3 gxf3 27. Kxf3 Kf7 28. Ra1 Rh8 29. Rh1 Bf6 30. Kg3 g5 31. hxg5 Rxh1 32. gxf6 Qd8 33. Qg2 Qg8+ 34. Kf2 Qxg2+ 35. Kxg2 Rb1 36. b4 Kxf6 37. Rg3 Rb2+ 38. Kh3 Rc2 39. Be5+ Kf7 40. Rg7+ Ke8 41. Kh4 R2xc3 42. Kg5 Rb6 43. Kf6 Rcc6 44. Bc7 Rb7 45. Rg8+ Kd7 46. Ba5 Rc8 47. Rg7+ Kc6 48. Rg2 Kd6 49. Rb2 Rf8+ 50. Kg5 f4 51. b5 Rf5+ 52. Kg4 Rxb5 53. Ra2 f3 54. Be1 a5 55. Bg3+ Kd7 56. Rh2 Rf7 57. Rc2 Rb7 58. Bf4 a4 59. Kxf3 a3 60. Kg4 Rb2 61. Rc7+ Ke8 62. Rc8+ Ke7 63. Bc1 Rg2+ 64. Kh3 a2 65. Ra8 Rg1 0-1

[Event "Wch U18 Girls"]
[Site "Montesilvano"]
[Date "2023.11.17"]
[Round "5"]
[White "Trifoi, Mihaela Ioana"]
[Black "Sovetbekova, Nurai"]
[Result "1-0"]
[WhiteElo "2021"]
[BlackElo "1801"]
[PlyCount "143"]
[EventDate "2023.11.13"]
[EventType "swiss"]
[EventRounds "11"]
[EventCountry "ITA"]
[SourceTitle "CB48_2023"]
[SourceDate "2023.11.29"]
[SourceVersion "1"]
[SourceVersionDate "2023.11.29"]
[SourceQuality "1"]

1. e4 c5 2. Nf3 d6 3. Bb5+ Bd7 4. Bxd7+ Qxd7 5. 0-0 Nf6 6. Re1 Nc6 7. c3 e6 8. d4 cxd4 9. cxd4 d5 10. e5 Ne4 11. Nbd2 Nxd2 12. Bxd2 Bb4 13. Rc1 0-0 14. Rxc6 Qxc6 15. Bxb4 Rfc8 16. Bc3 Qa6 17. a3 Rc6 18. Re3 Rac8 19. Qc2 Qc4 20. h4 h6 21. Qd2 Qa2 22. Ne1 Qb1 23. Rd3 b5 24. Kh2 a5 25. Bxa5 Rc1 26. Rc3 Rc4 27. Rxc1 Rxc1 28. Bc3 Rd1 29. Qe2 Rc1 30. Kg1 Kh7 31. Kf1 g6 32. Qf3 Kg8 33. h5 gxh5 34. Qxh5 Qd3+ 35. Qe2 Qf5 36. Qd2 Rb1 37. Qxh6 Qd3+ 38. Kg1 Qe2 39. Qe3 Qd1 40. Kf1 Qh5 41. Qd3 Qh1+ 42. Ke2 Qh5+ 43. f3 Ra1 44. Qxb5 Qg5 45. Bd2 Qh4 46. Qb4 Qh7 47. Bg5 Qb1 48. Bh6 Kh7 49. Bd2 Qd1+ 50. Kf2 Kg7 51. Qc3 Rb1 52. g4 Kg8 53. Bh6 Kh7 54. Bg5 Kg8 55. Bf6 Rc1 56. Qe3 Kf8 57. Qh6+ Ke8 58. Qh8+ Kd7 59. Qd8+ Kc6 60. Qa8+ Kc7 61. Qa5+ Kc6 62. Qa6+ Kc7 63. Qd6+ Kb7 64. Qb4+ Kc6 65. Bg5 Rc4 66. Qd6+ Kb7 67. Be3 Qb3 68. Qe7+ Ka6 69. Qxf7 Qxb2+ 70. Kg3 Qc3 71. Ng2 Rc6 72. g5 1-0

[Event "ROM-chT (Women)"]
[Site "Eforie Nord"]
[Date "2023.09.27"]
[Round "5.1"]
[White "Doluhanova, Evgeniya"]
[Black "Trifoi, Mihaela Ioana"]
[Result "1-0"]
[WhiteElo "2230"]
[BlackElo "1988"]
[PlyCount "89"]
[EventDate "2023.09.23"]
[EventType "team-tourn"]
[EventRounds "7"]
[EventCountry "ROU"]
[SourceTitle "EXT 2024"]
[Source "ChessBase"]
[SourceDate "2023.10.10"]
[SourceVersion "1"]
[SourceVersionDate "2023.10.10"]
[SourceQuality "1"]
[WhiteTeam "Arnia ChessIT (W)"]
[BlackTeam "Sighetu Marmatiei (W)"]
[WhiteTeamCountry "ROU"]
[BlackTeamCountry "ROU"]

1. c4 e6 2. e4 d5 3. cxd5 exd5 4. exd5 Nf6 5. Bb5+ Bd7 6. Bc4 b5 7. Bb3 a5 8. a3 Bd6 9. Qe2+ Qe7 10. Qxe7+ Kxe7 11. Nc3 Na6 12. d4 Rhe8 13. Nf3 a4 14. Bd1 Kf8+ 15. Be3 b4 16. Nxa4 Nxd5 17. Kd2 Nf6 18. Bc2 bxa3 19. bxa3 Ne4+ 20. Bxe4 Rxe4 21. Nc3 Ree8 22. Rhb1 Nb8 23. d5 Rxa3 24. Rxa3 Bxa3 25. Ba7 Na6 26. Ra1 Ra8 27. Rxa3 Rxa7 28. Ne5 Bc8 29. Ne4 Ra8 30. Nc5 c6 31. Nxa6 Rxa6 32. Rxa6 Bxa6 33. Nxc6 Bc4 34. d6 Be6 35. Ke3 Ke8 36. Kd4 Kd7 37. Kc5 Kc8 38. g3 g6 39. Ne5 Kb7 40. Nf3 f6 41. Nd2 h6 42. Ne4 f5 43. Nf6 Bf7 44. Nd7 g5 45. Kd4 1-0

[Event "ROM-chT (Women)"]
[Site "Oradea"]
[Date "2022.09.24"]
[Round "2.2"]
[White "Sgircea, Silvia Raluca"]
[Black "Trifoi, Mihaela Ioana"]
[Result "1/2-1/2"]
[WhiteElo "2246"]
[BlackElo "2013"]
[PlyCount "103"]
[EventDate "2022.09.23"]
[EventType "team-tourn"]
[EventRounds "7"]
[EventCountry "ROU"]
[SourceTitle "CBM 210 Extra"]
[Source "ChessBase"]
[SourceDate "2022.11.30"]
[SourceVersion "1"]
[SourceVersionDate "2022.11.30"]
[SourceQuality "1"]

1. Nf3 d5 2. e3 Nf6 3. c4 e6 4. Nc3 Be7 5. b3 0-0 6. Bb2 dxc4 7. Bxc4 c5 8. 0-0 Nc6 9. Qc2 a6 10. Rfd1 b5 11. Bf1 Bb7 12. Rac1 Rc8 13. a4 Nb4 14. Qb1 bxa4 15. Nxa4 Be4 16. d3 Bxf3 17. gxf3 Qd5 18. Nb6 Qg5+ 19. Bg2 Rcd8 20. Nc4 Bd6 21. f4 Qg6 22. d4 Qxb1 23. Rxb1 cxd4 24. Bxd4 Be7 25. Bb6 Rxd1+ 26. Rxd1 Nfd5 27. Bd4 f6 28. Bb2 Rb8 29. f5 Kf7 30. Bf3 Rd8 31. fxe6+ Kxe6 32. Na5 Rc8 33. e4 Nc3 34. Bg4+ Kf7 35. Rd7 Rc5 36. Nb7 Rg5 37. Bxc3 Rxg4+ 38. Kf1 Nc2 39. f3 Rg5 40. Rd2 Rb5 41. Na5 Bb4 42. Bxb4 Nxb4 43. Nc4 Ke7 44. Nd6 Rc5 45. Nf5+ Ke6 46. Nxg7+ Ke5 47. Ke2 Rc3 48. Rb2 Kf4 49. Nh5+ Kg5 50. Ng7 Kf4 51. Nh5+ Kg5 52. Ng7 1/2-1/2

[Event "EU-ch (Women) 21st"]
[Site "Iasi"]
[Date "2021.08.17"]
[Round "8"]
[White "Froewis, Annika"]
[Black "Trifoi, Mihaela Ioana"]
[Result "1/2-1/2"]
[WhiteElo "2107"]
[BlackElo "1807"]
[PlyCount "93"]
[EventDate "2021.08.09"]
[EventType "swiss"]
[EventRounds "11"]
[EventCountry "ROU"]
[SourceTitle "CBM 203 Extra"]
[Source "ChessBase"]
[SourceDate "2021.09.30"]
[SourceVersion "1"]
[SourceVersionDate "2021.09.30"]
[SourceQuality "1"]

1. e4 c6 2. Nc3 d5 3. Nf3 Bg4 4. h3 Bxf3 5. Qxf3 e6 6. Be2 Nd7 7. 0-0 Ngf6 8. d4 dxe4 9. Nxe4 Be7 10. Rd1 0-0 11. a4 a5 12. c3 Qb6 13. Bd3 c5 14. dxc5 Nxc5 15. Nxc5 Bxc5 16. Bg5 Be7 17. Rd2 Rfd8 18. Rad1 h6 19. Be3 Qc7 20. Be4 Nxe4 21. Qxe4 Bf6 22. g3 Rxd2 23. Rxd2 Rd8 24. Rxd8+ Bxd8 25. Qd4 Bf6 26. Qb6 Bd8 27. Qb5 Qc6 28. Qxc6 bxc6 29. Bc5 f6 30. b4 Kf7 31. b5 cxb5 32. axb5 Be7 33. Be3 a4 34. b6 a3 35. Bc1 a2 36. Bb2 Bd6 37. Kf1 Ke7 38. Ke2 Kd7 39. Kd3 Kc6 40. Kc4 Kxb6 41. Kb3 Kc5 42. Ba3+ Kd5 43. Kxa2 Be5 44. Kb3 g5 45. Bf8 h5 46. c4+ Kc6 47. Kc2 1/2-1/2

[Event "EU-ch (Women) 21st"]
[Site "Iasi"]
[Date "2021.08.16"]
[Round "7"]
[White "Trifoi, Mihaela Ioana"]
[Black "Schloffer, Jasmin Denise"]
[Result "0-1"]
[WhiteElo "1807"]
[BlackElo "2070"]
[PlyCount "84"]
[EventDate "2021.08.09"]
[EventType "swiss"]
[EventRounds "11"]
[EventCountry "ROU"]
[SourceTitle "CBM 203 Extra"]
[Source "ChessBase"]
[SourceDate "2021.09.30"]
[SourceVersion "1"]
[SourceVersionDate "2021.09.30"]
[SourceQuality "1"]

1. e4 e5 2. Nf3 Nc6 3. Bc4 Bc5 4. d3 Nf6 5. Bb3 d6 6. c3 a5 7. 0-0 0-0 8. Nbd2 h6 9. h3 Be6 10. Bc2 Ba7 11. Re1 Ne7 12. Nf1 Ng6 13. Ng3 Re8 14. d4 b5 15. Be3 Qb8 16. Qd2 Kh7 17. Nf5 exd4 18. cxd4 Bxf5 19. exf5 Ne7 20. g4 Qb7 21. Nh2 Ned5 22. h4 Nxe3 23. fxe3 c5 24. g5 Ne4 25. Qg2 cxd4 26. gxh6 gxh6 27. Ng4 Kh8 28. Kh2 d5 29. Bxe4 Rxe4 30. exd4 Rg8 31. Rxe4 dxe4 32. Qe2 Bxd4 33. Qd2 Rxg4 34. Qxd4+ Kh7 35. Rg1 Qc7+ 36. Kh3 Rxg1 37. Qxg1 Qe5 38. Qf2 e3 39. Qc2 Kg7 40. Qg2+ Kf6 41. Qc6+ Kxf5 42. Qc2+ Kf6 0-1